| 000 | 00647nam a2200241Ia 4500 | ||
|---|---|---|---|
| 008 | 160803s9999 xx 000 0 und d | ||
| 020 | _a9780545054737 | ||
| 100 | _aKeene, Carolyn | ||
| 245 | _aCase of the sneaky snowman / | ||
| 245 | _cby Carolyn Keene ; illustrated by Macky Pamintuan. | ||
| 260 | _aNew York : | ||
| 260 | _bScholastic Inc. | ||
| 260 | _c2006 | ||
| 300 | _a84 pages : | ||
| 300 | _billustrations ; | ||
| 300 | _c20 cm. | ||
| 650 | _aDrew, Nancy (Fictitious character) -- | ||
| 650 | _aMystery and detective stories. | ||
| 650 | _aSnowmen -- | ||
| 650 | _xFiction. | ||
| 650 | _xFiction. | ||
| 700 | _a480 | ||
| 999 |
_c299551 _d299551 |
||